che - Sayso Says (Tracklist) - Statistics

General Stats
  • This quiz has been taken 113 times
  • The average score is 10 of 17
Answer Stats
Hint Answer % Correct
1 I Rot, I Rot.
87%
17 My Favorite Color is Red
75%
9 Interlude
73%
2 SASKA YOU MADE IT
73%
4 GET NAKED
71%
16 CUT OFF YOUR HANDS
64%
5 ENJOY YOUR LIFE
58%
10 It's My Party and I'll Die If I Want To
58%
12 NUNCA HACER COCAINA
56%
13 School Girl Sashimi
56%
15 Children Shouldn't Play With Dead Things
55%
8 Pissy Coffee
53%
3 Pretend We're Sleeping
53%
7 Hex On My Chest, It's Going Down
51%
6 Been There, Done That
44%
11 DON'T TELL NO1
35%
14 YDFWMNM?
31%
No matching quizzes found
Score Distribution
Percent of People with Each Score
Percentile by Number Answered
Your Score History
You have not taken this quiz